| 000 | 01171cad a22002175a 4500 | ||
|---|---|---|---|
| 001 | L150408 | ||
| 008 | 100708s20100701xxk f 000 0 eng d | ||
| 035 | _a(Sirsi) u150408 | ||
| 041 | 0 | _aeng | |
| 110 | 2 | _aArts Economics | |
| 245 | 4 |
_aThe British Art Market: a winning global entrepot _h[electronic resource] |
|
| 260 |
_aLondon _bBritish Art Market Federation _c2010 |
||
| 505 | 2 | _aForeword -- British art market in a gloval context -- economic impact -- threats to future competitiveness of British art market | |
| 520 | _aBritain's art market in the global context highlighting the economic, fiscal and employment benefits. Auctions and dealer sales. Raises concern on the effect the extension of Artists Resale Directive (Droit de Suite) on 1 January 2012 to cover the work of deceased artists within the 70 year period of copyright will have on Britiain's competitiveness in the global market. | ||
| 590 | _aKA | ||
| 650 | 2 | 4 | _aARTISTS RESALE DIRECTIVE |
| 651 | 4 | _aENGLAND AND WALES | |
| 690 |
_aArts and antiques _96217 |
||
| 856 | 4 | 8 |
_uhttps://www.lapada.org/public/The_British_art_Market.pdf _zView this item free of charge at www.lapada.org |
| 942 | _n0 | ||
| 999 |
_c110856 _d110856 |
||